000 01025nab a22001935a 4500
005 20240301145859.0
007 cu || ||||n
008 240301t2024 xxk f | o000 0 eng |
041 0 _aeng
245 0 0 _aRobert Taylor v Peter Jones & Anor
_h[electronic resource]
520 _a[2024] EWCA Civ 170, 28 February 2024. A building owner who had caused damage to the internal walls and floor slabs of two adjoining properties was not liable to compensate the adjoining owners for a longstanding defect to their external wall. His works had brought the defect to light, which made it necessary for them to do something about it, but it was not caused by him or his works, and the Party Wall etc. Act 1996 did not require him to pay for remedying it.
650 0 _aPARTY WALL ETC ACT 1996
650 0 _aPARTY WALLS
650 0 _aDAMAGES
651 4 _aUnited Kingdom
690 _aParty walls
_96258
856 4 0 _uhttps://caselaw.nationalarchives.gov.uk/ewca/civ/2024/170
_zAvailable on caselaw archives
942 _n0
_2ddc
999 _c121816
_d121816